| 000 | 00862nam a2200265Ia 4500 | ||
|---|---|---|---|
| 003 | GCL | ||
| 008 | 140319s9999 xx 000 0 ara d | ||
| 040 |
_aGCL / _cGCL |
||
| 082 | 0 | 4 |
_aق _b911.62 _bع م |
| 100 | 1 | _aعمر طوسون | |
| 245 | 1 | 0 |
_aمذكرات فى فروع النيل القديمة من عمل الامير عمر طوسون / _cعمر طوسون |
| 700 | 1 | _aعمر طوسون (الامير) | |
| 260 |
_a[S.N] : _bمعهد تاريخ العلوم العربية والاسلامية ، _c1992 |
||
| 300 | _a212 ص | ||
| 490 |
_aالجغرافيا الاسلامية _v0 |
||
| 650 | 0 | 4 | _aمصر |
| 650 | 0 | 4 | _aالجغرافيا التاريخية |
| 650 | 0 | 4 | _aالنوبة |
| 650 | 0 | 4 | _aنهر النيل |
| 650 | 0 | 4 | _aالرى |
| 650 | 0 | 4 | _aالدلتا |
| 650 | 0 | 4 | _aالصعيد |
| 650 | 0 | 4 | _aالترع |
| 942 |
_2ddc _cBK |
||
| 999 |
_c36992 _d36992 |
||